Liečivá v odpadových vodách ako nástroj na definovanie zdravotného stavu obyvateľstva

Saved in:
Bibliographic Details
Main Author: Tomašovičová, Katarína (Author)
Other Authors: Bodík, Igor (Thesis advisor)
Format: Manuscript Book
Language:Slovak
Published: 2025
Subjects:
Online Access:http://is.stuba.sk/zp/portal_zp.pl?podrobnosti=192067
Tags: Add Tag
No Tags, Be the first to tag this record!

MARC

LEADER 00000ntm a22000003a 4500
001 stuzp103985
003 SK-STU
005 20250628211049.4
007 ta
008 150427s2015----xo-----f-mn---000-0-slo-d
040 |a STU  |b slo 
041 0 |a slo 
100 1 |a Tomašovičová, Katarína  |u 046290  |4 aut  |U FCHPT Ústav chemického a environmentálneho inžinierstva  |T FCHPT Oddelenie environmentálneho inžinierstva  |X 110601  |U C6290  |Y 120  |7 110601 
242 0 1 |a Pharmaceuticals in wastewater as a tool for defining the health status of population  |y eng 
245 1 0 |a Liečivá v odpadových vodách ako nástroj na definovanie zdravotného stavu obyvateľstva 
260 |c 2025 
650 4 |a odpadové vody  |2 slo 
650 4 |a liečivá  |2 slo 
650 4 |a monitoring  |2 slo 
650 4 |a pharmaceuticals  |2 eng 
650 4 |a wastewater  |2 eng 
650 4 |a monitoring  |2 eng 
700 1 |a Bodík, Igor  |u 046290  |k Z1  |4 ths  |U FCHPT Ústav chemického a environmentálneho inžinierstva  |T FCHPT Oddelenie environmentálneho inžinierstva  |X 3340  |U C6290  |Y 120  |7 A000003340 
856 4 |u http://is.stuba.sk/zp/portal_zp.pl?podrobnosti=192067